<?xml version="1.0" encoding="UTF-8"?>
<record
    xmlns:xsi="http://www.w3.org/2001/XMLSchema-instance"
    xsi:schemaLocation="http://www.loc.gov/MARC21/slim http://www.loc.gov/standards/marcxml/schema/MARC21slim.xsd"
    xmlns="http://www.loc.gov/MARC21/slim">

  <leader>00662nam a22001337a 4500</leader>
  <datafield tag="040" ind1=" " ind2=" ">
    <subfield code="c">RUA</subfield>
  </datafield>
  <datafield tag="082" ind1=" " ind2=" ">
    <subfield code="a">AED SOR 2018 B650 Or.1</subfield>
  </datafield>
  <datafield tag="100" ind1=" " ind2=" ">
    <subfield code="a">SOR TOMA &#x179F;&#x17CA; &#x178F;&#x17BC;&#x1798;&#x17C9;&#x17B6;</subfield>
  </datafield>
  <datafield tag="245" ind1=" " ind2=" ">
    <subfield code="a">the study on economic efficiency of household's sugar cane in preak koy commune, saang distric, kandal province &#x1780;&#x17B6;&#x179A;&#x179F;&#x17B7;&#x1780;&#x17D2;&#x179F;&#x17B6;&#x179A;&#x17A2;&#x17C6;&#x1796;&#x17B8;&#x1794;&#x17D2;&#x179A;&#x179F;&#x17B7;&#x1791;&#x17D2;&#x1792;&#x1797;&#x17B6;&#x1796;&#x179F;&#x17C1;&#x178A;&#x17D2;&#x178B;&#x1780;&#x17B7;&#x1785;&#x17D2;&#x1785;&#x1793;&#x17C3;&#x178A;&#x17C6;&#x178E;&#x17B6;&#x17C6; &#x17A2;&#x17C6;&#x1796;&#x17C5;&#x1787;&#x17B6;&#x179B;&#x1780;&#x17D2;&#x1781;&#x178E;:&#x1782;&#x17D2;&#x179A;&#x17BD;&#x179F;&#x17B6;&#x179A; &#x1793;&#x17C5;&#x1783;&#x17BB;&#x17C6;&#x1796;&#x17D2;&#x179A;&#x17C2;&#x1780;&#x1782;&#x1799; &#x1781;&#x17C1;&#x178F;&#x17D2;&#x178F;&#x1780;&#x178E;&#x17D2;&#x178F;&#x17B6;&#x179B; </subfield>
  </datafield>
  <datafield tag="260" ind1=" " ind2=" ">
    <subfield code="a">RUA</subfield>
    <subfield code="b">Phnom penh</subfield>
    <subfield code="c">2018</subfield>
  </datafield>
  <datafield tag="300" ind1=" " ind2=" ">
    <subfield code="a">x;53p</subfield>
    <subfield code="b">ill;</subfield>
    <subfield code="c">29cm</subfield>
  </datafield>
  <datafield tag="856" ind1=" " ind2=" ">
    <subfield code="u">SOR TOMA</subfield>
  </datafield>
  <datafield tag="942" ind1=" " ind2=" ">
    <subfield code="c">AED</subfield>
  </datafield>
  <datafield tag="999" ind1=" " ind2=" ">
    <subfield code="c">18353</subfield>
    <subfield code="d">18353</subfield>
  </datafield>
  <datafield tag="952" ind1=" " ind2=" ">
    <subfield code="0">0</subfield>
    <subfield code="1">0</subfield>
    <subfield code="2">ddc</subfield>
    <subfield code="4">0</subfield>
    <subfield code="6">AED_SOR_2018_000000000000000_B650_OR_1</subfield>
    <subfield code="7">0</subfield>
    <subfield code="9">82202</subfield>
    <subfield code="a">LBB</subfield>
    <subfield code="b">LBB</subfield>
    <subfield code="d">2019-11-01</subfield>
    <subfield code="o">AED SOR 2018 B650 Or.1</subfield>
    <subfield code="p">A42153</subfield>
    <subfield code="r">2019-11-01</subfield>
    <subfield code="w">2019-11-01</subfield>
    <subfield code="y">AED</subfield>
  </datafield>
  <datafield tag="952" ind1=" " ind2=" ">
    <subfield code="0">0</subfield>
    <subfield code="1">0</subfield>
    <subfield code="2">ddc</subfield>
    <subfield code="4">0</subfield>
    <subfield code="6">AED_SOR_2018_000000000000000_B650_OR_2</subfield>
    <subfield code="7">0</subfield>
    <subfield code="9">82203</subfield>
    <subfield code="a">LBB</subfield>
    <subfield code="b">LBB</subfield>
    <subfield code="d">2019-11-01</subfield>
    <subfield code="o">AED SOR 2018 B650 Or.2</subfield>
    <subfield code="p">A42138</subfield>
    <subfield code="r">2019-11-01</subfield>
    <subfield code="w">2019-11-01</subfield>
    <subfield code="y">AED</subfield>
  </datafield>
  <datafield tag="952" ind1=" " ind2=" ">
    <subfield code="0">0</subfield>
    <subfield code="1">0</subfield>
    <subfield code="2">ddc</subfield>
    <subfield code="4">0</subfield>
    <subfield code="6">AED_SOR_2018_000000000000000_B650_OR_3</subfield>
    <subfield code="7">0</subfield>
    <subfield code="9">82204</subfield>
    <subfield code="a">LBB</subfield>
    <subfield code="b">LBB</subfield>
    <subfield code="d">2019-11-01</subfield>
    <subfield code="o">AED SOR 2018 B650 Or.3</subfield>
    <subfield code="p">A42218</subfield>
    <subfield code="r">2019-11-01</subfield>
    <subfield code="w">2019-11-01</subfield>
    <subfield code="y">AED</subfield>
  </datafield>
  <datafield tag="952" ind1=" " ind2=" ">
    <subfield code="0">0</subfield>
    <subfield code="1">0</subfield>
    <subfield code="2">ddc</subfield>
    <subfield code="4">0</subfield>
    <subfield code="6">AED_SOR_2018_000000000000000_B650_OR_4</subfield>
    <subfield code="7">0</subfield>
    <subfield code="9">82205</subfield>
    <subfield code="a">LBB</subfield>
    <subfield code="b">LBB</subfield>
    <subfield code="d">2019-11-01</subfield>
    <subfield code="o">AED SOR 2018 B650 Or.4</subfield>
    <subfield code="p">A42513</subfield>
    <subfield code="r">2019-11-01</subfield>
    <subfield code="w">2019-11-01</subfield>
    <subfield code="y">AED</subfield>
  </datafield>
  <datafield tag="952" ind1=" " ind2=" ">
    <subfield code="0">0</subfield>
    <subfield code="1">0</subfield>
    <subfield code="2">ddc</subfield>
    <subfield code="4">0</subfield>
    <subfield code="6">AED_SOR_2018_000000000000000_B650_OR_5</subfield>
    <subfield code="7">0</subfield>
    <subfield code="9">82206</subfield>
    <subfield code="a">LBB</subfield>
    <subfield code="b">LBB</subfield>
    <subfield code="d">2019-11-01</subfield>
    <subfield code="o">AED SOR 2018 B650 Or.5</subfield>
    <subfield code="p">A42085</subfield>
    <subfield code="r">2019-11-01</subfield>
    <subfield code="w">2019-11-01</subfield>
    <subfield code="y">AED</subfield>
  </datafield>
  <datafield tag="952" ind1=" " ind2=" ">
    <subfield code="0">0</subfield>
    <subfield code="1">0</subfield>
    <subfield code="2">ddc</subfield>
    <subfield code="4">0</subfield>
    <subfield code="6">AED_SOR_2018_000000000000000_B650_OR_1</subfield>
    <subfield code="7">0</subfield>
    <subfield code="9">82207</subfield>
    <subfield code="a">LBB</subfield>
    <subfield code="b">LBB</subfield>
    <subfield code="d">2019-11-01</subfield>
    <subfield code="o">AED SOR 2018 B650 Or.1</subfield>
    <subfield code="r">2019-11-01</subfield>
    <subfield code="w">2019-11-01</subfield>
    <subfield code="y">AED</subfield>
  </datafield>
</record>
